| 000 | 00351cam a22001097a 4500 | ||
|---|---|---|---|
| 008 | 180718b1979 xxu||||| |||| 00| 0 eng d | ||
| 082 | _aT000x52 J271e | ||
| 245 |
_aEconometric model for the new economic and social seven-year plan _cby Planning Bureau |
||
| 260 |
_a _bEconomic Planning Agency _c1979 |
||
| 300 | _a116p. | ||
| 700 | _aJapan. Planning Bureau | ||
| 999 |
_c496554 _d496554 |
||